00577nam a2200157Ia 4500008004100000082001500041100001500056245004900071260002000120300000800140630004900148730004900197942000900246999001900255952014500274100122s9999 xx 000 0 und d b32997a340 aPANDIT M P a"PRINCIPAL PANDIT , LAW AND LEGAL EDUCATION" bS.R.BHAVEc1972 a118 a"PRINCIPAL PANDIT , LAW AND LEGAL EDUCATION" a"PRINCIPAL PANDIT , LAW AND LEGAL EDUCATION" cBOOK c370242d370239 00104070aSVPPARLEbSVPPARLEd1982-07-17g10.00l0o32997pSVPPARLE-32997r2010-01-25 00:00:00v10.00w2010-01-25yBOOKz", , General, NA"